000 00284nam a22001337a 4500
008 170404b xxu||||| |||| 00| 0 eng d
020 _a9781892979049
041 _aeng
080 _a574
100 _a9
101 _aSHM
245 _aAG HELP WANTED
_cROSENBERG.H.R
942 _2udc
_cBK
999 _c9622
_d9622